000 00373nam a2200145Ia 4500
008 260417s2025 xx 000 0 und d
041 _aeng
082 _a344.1044/KUC
_bDI-1466
100 _aPROF.B.KUCHEKAR
245 _aPHARMACY LAW AND ETHIC
250 _a6TH ed
260 _aPUNE
_b2025
_bNIRALI PRAKASHN
300 _aP.B/21.6p
650 _aPHARMACY LAW AND ETHIC
999 _c1220777
_d1220777